Norman F*cking Rockwell!-Album (Lana Del Rey) - Statistics

General Stats
  • This quiz has been taken 91 times
  • The average score is 11 of 14
Answer Stats
Hint Answer % Correct
1. Norman Fucking Rockwell
100%
13. Happiness is a butterfly
92%
2. Mariners Apartment Complex
90%
14. hope is a dangerous thing for a woman like me to have-but i have it
88%
5. Doin' Time
84%
3. Venice Bitch
84%
9. California
80%
7. Cinnamon Girl
80%
6. Love Song
80%
12. Bartender
78%
11. The greatest
78%
4. Fuck it I love you
72%
8. How To Disappear
70%
10. The Next Best American Record
70%
No matching quizzes found
Score Distribution
Percent of People with Each Score
Percentile by Number Answered
Your Score History
You have not taken this quiz